Congressional Budget Reform.

Considers (93) H.R. 7130, (93) S. 1541.

Bibliographic Details
Corporate Authors: United States. Congress. Senate. Committee on Government Operations, ProQuest (Firm)
Format: eBook
Language:English
Published: Washington : U.S. G.P.O., 1974.
Series:U.S. Congressional Research.
Subjects:
Online Access:Connect to the full text of this electronic book

MARC

Tag First Indicator Second Indicator Subfields
LEADER 00000cam a22000001a 4500
001 in00003269421
006 m d f
007 cr bn mmmapmmp
008 101011s1974 dcu o f000 0 eng d
005 20260430203120.2
035 |a cis2007809364 
040 |a LexisNexis  |c LexisNexis  |d UtOrBLW 
043 |a n-us--- 
099 |a CMP-1974-OPS-0018 
110 1 |a United States.  |b Congress.  |b Senate.  |b Committee on Government Operations. 
245 1 0 |a Congressional Budget Reform. 
264 1 |a Washington :  |b U.S. G.P.O.,  |c 1974. 
300 |a 1 online resource. 
336 |a text  |b txt  |2 rdacontent 
337 |a computer  |b c  |2 rdamedia 
338 |a online resource  |b cr  |2 rdacarrier 
500 |a Record is based on bibliographic data in LexisNexis U.S. Congressional Research Digital Collection. Reuse except for individual research requires license from LexisNexis. 
520 |a Considers (93) H.R. 7130, (93) S. 1541. 
500 |a Electronic resource. 
650 0 |a Budget  |x Law and legislation  |z United States. 
655 7 |a Electronic books.  |2 local 
710 2 |a ProQuest (Firm) 
776 0 8 |i Print version:   |a United States. Congress. Senate. Committee on Government Operations.  |t Congressional Budget Reform 
776 0 8 |i Microfiche version:   |a United States. Congress. Senate. Committee on Government Operations.  |t Congressional Budget Reform  |d [Bethesda, Md.] :LexisNexis Academic & Library Solutions,1975.   |o CIS 75 S402-3  |w (LexisNexis)cis07501404 
830 0 |a U.S. Congressional Research. 
856 4 0 |u http://proxy.library.tamu.edu/login?url=https://congressional.proquest.com/congcomp/getdoc?CRDC-ID=CMP-1974-OPS-0018  |z Connect to the full text of this electronic book  |t 0 
998 |a cis07501404 
999 |a MARS 
999 f f |s cabb5dde-4aa1-37cc-8c7e-55abf085fdca  |i ac04145b-7889-3046-873b-ff20850b08e1  |t 0 
952 f f |a Texas A&M University  |b College Station  |c Electronic Resources  |s www_evans  |d Available Online  |t 0  |e CMP-1974-OPS-0018  |h Other scheme 
998 f f |a CMP-1974-OPS-0018  |t 0  |l Available Online